Ese punto final de mi memoria / (Record no. 186255)

MARC details
000 -LEADER
campo de control de longitud fija 00825nam a2200229 i 4500
001 - NÚMERO DE CONTROL
campo de control 186255
003 - IDENTIFICADOR DE NÚMERO DE CONTROL
campo de control SpMaBN
005 - FECHA Y HORA DE LA ÚLTIMA TRANSACCIÓN
campo de control 20260217063018.0
008 - DATOS DE LONGITUD FIJA--INFORMACIÓN GENERAL
campo de control de longitud fija 160928s1999 sp c |||| |dspa d
020 ## - NÚMERO INTERNACIONAL ESTÁNDAR DEL LIBRO
Número Internacional Estándar del Libro 84-87597-46-7
080 ## - NÚMERO DE LA CLASIFICACIÓN DECIMAL UNIVERSAL
Número de la Clasificación Decimal Universal 821.134.2-14"19"
100 1# - ENTRADA PRINCIPAL--NOMBRE DE PERSONA
Nombre de persona Escarpa, Alberto,
Fechas asociadas al nombre 1968-
9 (RLIN) 143805
245 10 - MENCIÓN DEL TÍTULO
Título Ese punto final de mi memoria /
Mención de responsabilidad, etc. Alberto Escarpa Miguel ; [prólogo de Enrique Gracia Trinidad].
260 ## - PUBLICACIÓN, DISTRIBUCIÓN, ETC.
Lugar de publicación, distribución, etc. Pamplona :
Nombre del editor, distribuidor, etc. Medialuna,
Fecha de publicación, distribución, etc. [1999]
300 ## - DESCRIPCIÓN FÍSICA
Extensión 57 p. :
Otras características físicas 1 retr. ;
Dimensiones 21 cm.
490 1# - MENCIÓN DE SERIE
Mención de serie Colección de poesía Ángel Urrutia ;
Designación de volumen o secuencia 37
586 ## - NOTA DE PREMIOS
Nota de premios Premio 4º Certamen Ángel Urrutia de Poesía, 1999
700 0# - ENTRADA AGREGADA--NOMBRE PERSONAL
Nombre de persona Gracia Trinidad, Enrique,
Fechas asociadas al nombre 1950-
9 (RLIN) 59477
830 0# - PUNTO DE ACCESO ADICIONAL DE SERIE-TÍTULO UNIFORME
Título uniforme Colección de poesía Ángel Urrutia ;
Designación de volumen o secuencia 37
9 (RLIN) 225379
852 ## - LOCALIZACIÓN
Ubicación ES-MaACL
Número de control de estantería N-6865
Holdings
Estatus retirado Estado de pérdida Estado de daño No para préstamo Biblioteca de origen Biblioteca actual Ubicación en estantería Fecha de adquisición Fuente de adquisición Total de préstamos Signatura topográfica completa Código de barras Visto por última vez Precio de reemplazo Tipo de ítem Koha
        Biblioteca del Ateneo de Madrid Biblioteca del Ateneo de Madrid Sala Pecera Depósito 2 28/09/2016     N-6865 1196382 23/02/2023 23/02/2023 Libro impreso